CYTOGENETICS : INCLUDING MOLECULAR CYTOGENETICS (Record no. 8129)

MARC details
000 -LEADER
fixed length control field 00432nam a22001697a 4500
005 - DATE AND TIME OF LATEST TRANSACTION
control field 20221219175717.0
008 - FIXED-LENGTH DATA ELEMENTS--GENERAL INFORMATION
fixed length control field 221219b |||||||| |||| 00| 0 eng d
020 ## - INTERNATIONAL STANDARD BOOK NUMBER
ISBN 939292418-6
041 ## - LANGUAGE CODE
Language code of text/sound track or separate title eng
082 ## - DEWEY DECIMAL CLASSIFICATION NUMBER
Classification number 611.01-GUP-C
100 ## - MAIN ENTRY--AUTHOR NAME
Personal name GUPTA ,P.K
245 ## - TITLE STATEMENT
Title CYTOGENETICS : INCLUDING MOLECULAR CYTOGENETICS
250 ## - EDITION STATEMENT
Edition statement 2nd ed.
260 ## - PUBLICATION, DISTRIBUTION, ETC. (IMPRINT)
Place of publication DELHI
Name of publisher RASTOGI PUBLICATION
Year of publication 2022
300 ## - PHYSICAL DESCRIPTION
Number of Pages 511;P-I-513-524
942 ## - ADDED ENTRY ELEMENTS (KOHA)
Koha item type Books

No items available.